| 000 | 00464nam a22001697a 4500 | ||
|---|---|---|---|
| 008 | 230316b |||||||| |||| 00| 0 eng d | ||
| 040 |
_aNational Science Library _cNational Science Library |
||
| 080 |
_aD 54(091) _bK5 |
||
| 100 |
_aFindlay, Alexander _93357 |
||
| 245 | _aHundred years of chemistry | ||
| 250 | _a3rd ed. | ||
| 260 |
_aLondon: _bUniversity Paperbacks, _c1965 |
||
| 300 | _a335p. | ||
| 650 | _aChemistry | ||
| 653 | _aHistory | ||
| 942 |
_2udc _cBK |
||
| 999 |
_c10060 _d10060 |
||